ADVANCED ACCOUNTING 2 CORPORATE ACCOUNTI (Record no. 2568)
[ view plain ]
| 000 -LEADER | |
|---|---|
| fixed length control field | 00368nam a2200145Ia 4500 |
| 008 - FIXED-LENGTH DATA ELEMENTS--GENERAL INFORMATION | |
| fixed length control field | 240624s9999 xx 000 0 und d |
| 041 ## - LANGUAGE CODE | |
| Language code of text/sound track or separate title | eng |
| 082 ## - DEWEY DECIMAL CLASSIFICATION NUMBER | |
| Classification number | 657 SEH |
| 100 ## - MAIN ENTRY--PERSONAL NAME | |
| Personal name | SEHGAL ASHOK |
| 245 ## - TITLE STATEMENT | |
| Title | ADVANCED ACCOUNTING 2 CORPORATE ACCOUNTI |
| 250 ## - EDITION STATEMENT | |
| Edition statement | (4th ed.) |
| 260 ## - PUBLICATION, DISTRIBUTION, ETC. | |
| Date of publication, distribution, etc. | 2004 |
| Place of publication, distribution, etc. | New Delhi |
| Name of publisher, distributor, etc. | Taxmann |
| 300 ## - PHYSICAL DESCRIPTION | |
| Extent | xviii, : 1062 : p. : cm. ; 24 |
| 365 ## - TRADE PRICE | |
| Currency code | RS |
| Withdrawn status | Lost status | Damaged status | Not for loan | Home library | Current library | Shelving location | Date acquired | Source of acquisition | Cost, normal purchase price | Total Holds | Full call number | Barcode | Date last seen | Copy number | Price effective from | Koha item type |
|---|---|---|---|---|---|---|---|---|---|---|---|---|---|---|---|---|
| IMTN | IMTN | Rack 20-A | 09/02/2005 | TPPL | 295.00 | 2364 | 657 SEH | 2568 | 06/24/2024 | 1 | 06/24/2024 | Books |